00674nam a2200205Ia 450000500170000000800460001703700120006304000200007504100130009508400210010810000180012924500740014725000080022126000530022930000130028265000270029594200210032299900210034395201040036420250508154519.0008 250505s9999 xx 000 0 eng d aTextual aFEDLbengcFEDL aeng2eng a370.1, EBYqFEDL aEby Frederick 0aDevelopment of modern education in theory, organization, and practice a2nd aNew Delhi, India bPrentice-Hall of India c1964 aix,719p. aEducation - Philosophy cTEXLh370.1, EBY c1350693d1350693 00104070aFEDLbFEDLd2025-05-08l0o370.1, EBYpEL0034728r2025-05-08 15:45:19w2025-05-08yTEXL